Člověk ve svých dějinách /

Salvato in:
Dettagli Bibliografici
Autore principale: Weizsäcker, Carl Friedrich, von (Autore)
Natura: Libro
Lingua:ceco
Pubblicazione: Praha : SCRIPTUM, 1993
Edizione:1.vyd.
Soggetti:
Tags: Aggiungi Tag
Nessun Tag, puoi essere il primo ad aggiungerne!!

MARC

LEADER 00000nam a22000003a 4500
001 stu7120
005 20150617225809.2
008 941121s1993----xr------------------cze-d
020 |a 80-85528-26-6 
040 |a STU  |b slo 
041 0 |a cze 
044 |a xr 
080 |a 111 
080 |a 165 
080 |a 572.1/.4 
100 1 |a Weizsäcker, Carl Friedrich, von  |4 aut 
245 1 |a Člověk ve svých dějinách /  |c [aut.] Weizsäcker,Carl Friedrich, von 
250 |a 1.vyd. 
260 |a Praha :  |b SCRIPTUM,  |c 1993 
300 |a 221 s 
650 7 |a vývoj a pôvod človeka  |2 stusub 
650 7 |a ontológia  |2 stusub 
650 7 |a civilizácia  |2 stusub 
996 |b E79313  |c R*79313  |l RRUM  |s A  |a 24  |w stu7120_0001